| 000 | 00661nam a2200205Ia 4500 | ||
|---|---|---|---|
| 003 | SISC | ||
| 005 | 20160610160514.0 | ||
| 008 | 140529s9999 xx 000 0 und d | ||
| 020 | _a9781422131114 | ||
| 050 |
_aHD 2746 _b.Z66 2010 |
||
| 100 | _aZook, Chris. | ||
| 245 |
_aProfit from the core : _ba return to growth in turbulent times / _cChris Zook ; with James Allen |
||
| 250 | _aUpdated edition. | ||
| 260 |
_aBoston, Mass. : _bHarvard Business Press, _c2010. |
||
| 300 |
_a179 pages : _billustrations ; _c24 cm. |
||
| 500 | _aIncludes bibliographical references and index. | ||
| 650 | _aCorporate profits. | ||
| 942 |
_kFOR _cBK _2lcc |
||
| 999 |
_c117696 _d117696 |
||